| 000 | 00510nam a2200181Ia 4500 | ||
|---|---|---|---|
| 003 | IN-BaIIA | ||
| 008 | 211028s9999 xx 000 0 eng d | ||
| 020 | _a0-387-90368-2 | ||
| 040 | _cIIA Library | ||
| 080 |
_a550.3 _bPED |
||
| 100 |
_aPedlosky, J., _911773 |
||
| 245 | 0 |
_aGeophysical fluid dynamics _cJ. Pedlosky |
|
| 260 |
_aNew York _bSpringer-Verlag _c1979 |
||
| 300 | _axii, 624p. | ||
| 650 |
_aFluid dynamics _91512 |
||
| 650 |
_aGeophysics _954 |
||
| 942 | _cBK | ||
| 999 |
_c6871 _d6871 |
||